=LDR 00000nam 2200000 4500 =001 INLIS000000000024617 =005 20130612123207 =008 ***********************************ind** =035 ##$$0010-061300000024617 =041 ##$$a ind =082 ##$$a 331.11 =090 ##$$a 331.11, NAT b =100 ##$$a Nata, Richard =245 ##$$a Buku pintar mencari pekerjaan, Richard Nata =260 ##$$a 1997 $b Jakarta =300 ##$$a vii, 91 hlm., ilus., 23 cm =650 ##$$a Mencari Pekerjaan =850 ##$$a NBPNMAT